| 000 | 00348nam a2200133Ia 4500 | ||
|---|---|---|---|
| 008 | 210428s9999 xx 000 0 und d | ||
| 020 | _a0-7106-2691-6 | ||
| 082 | _a660 J331 J | ||
| 100 |
_aJanes _952178 |
||
| 245 | 0 | _aExplosive Ordnance Disposal 2005-2006 | |
| 260 |
_bJanes Information Group Limited _aUK _c2005 |
||
| 300 | _a650p | ||
| 942 | _cBK | ||
| 999 |
_c559944 _d559944 |
||